Knowledge based higher education

Vzdelávanie založené na informáciách využíva psychológiu, filozofiu vzdelávania, didaktiku a metodiku. Znalostne orientované vzdelávanie zahrňuje rad ďalších oblastí, ako napr. znalostný manažment, teóriu systémov, umelú inteligenciu, teóriu hodnoty. Dáta, informácie a vedomosti vo vzťahu k systému...

ver descrição completa

Na minha lista:
Detalhes bibliográficos
Autor principal: Havlíček, Jaroslav
Outros Autores: Hron, Jan, Tichá, Ivana
Formato: Capítulo de Livro
Idioma:inglês
Assuntos:
Tags: Adicionar Tag
Sem tags, seja o primeiro a adicionar uma tag!

MARC

LEADER 00000naa$a2200000$$$4500
001 0041557
005 20231114071544.3
041 0 |a eng 
044 |a CZ 
245 1 0 |a Knowledge based higher education  |c Jaroslav Havlíček, Jan Hron, Ivana Tichá 
520 |a Vzdelávanie založené na informáciách využíva psychológiu, filozofiu vzdelávania, didaktiku a metodiku. Znalostne orientované vzdelávanie zahrňuje rad ďalších oblastí, ako napr. znalostný manažment, teóriu systémov, umelú inteligenciu, teóriu hodnoty. Dáta, informácie a vedomosti vo vzťahu k systému vzdelávania. Životný cyklus znalostí vo vzdelávacom systéme. 
610 2 0 |a vzdelávanie vysokoškolské 
610 2 0 |a vedomosti 
610 2 0 |a informácie 
610 2 0 |a dáta 
100 1 |a Havlíček, Jaroslav 
700 1 |a Hron, Jan 
700 1 |a Tichá, Ivana